| 000 | 00933naa a22002777a 4500 | ||
|---|---|---|---|
| 001 | BR9101935 | ||
| 003 | BR-BrBNA | ||
| 005 | 20240918180653.0 | ||
| 007 | ta | ||
| 008 | 230509b bl.||||| |||| 00| 0 por d | ||
| 040 |
_aBR-BrBNA _bpor _cBiblioteca Nacional de Agricultura |
||
| 041 | _a(Pt) | ||
| 072 |
_aF04 _b/G514 |
||
| 090 | _aF04 BR9101935 | ||
| 100 | 1 | _aMacedo, M.C.M. | |
| 245 | 1 | _aSolos e adubacao de pastagens para Mato Grosso do Sul | |
| 260 | 3 |
_aCampo Grande, MS (Brasil): _c1989. |
|
| 500 | _aAtualizacao em fertilidade do solo; curso 2 - v. 2 Campo Grande, MS (Brasil): 1989. p. 141-163 (BR9101935-AM)F04 | ||
| 650 | _aADUBACAO | ||
| 650 | _aPASTAGEM | ||
| 650 | _aMACROELEMENTO | ||
| 650 | _aMATO GROSSO DO SUL | ||
| 773 | 0 |
_tAtualizacao em fertilidade do solo; curso 2 - v. 2 _wF04 BR9101935 _gCampo Grande, MS (Brasil), 1989. p. 141-163 |
|
| 909 |
_a202404 _bLucia _c55 _dLucia Elande |
||
| 942 |
_cAM _2AGRIS |
||
| 999 |
_c321597 _d321597 |
||